LIBRARY & INFORMATION CENTRE, KCAET, TAVANUR

ONLINE PUBLIC ACCESS CATALOGUE (OPAC)

Approach to English literature for students abroad, Book 2 / (Record no. 6511)

MARC details
000 -LEADER
fixed length control field 00414cam a2200157ua 4500
041 ## - LANGUAGE CODE
Language code of text/sound track or separate title eng
082 ## - DEWEY DECIMAL CLASSIFICATION NUMBER
Classification number 820
Item number DRA/AP
100 ## - MAIN ENTRY--AUTHOR NAME
Personal name Drake, H B .
245 ## - TITLE STATEMENT
Title Approach to English literature for students abroad, Book 2 /
250 ## - EDITION STATEMENT
Edition statement 1 /
260 ## - PUBLICATION, DISTRIBUTION, ETC. (IMPRINT)
Place of publication London :
Name of publisher Oxford University Press ,
Year of publication 1967.
300 ## - PHYSICAL DESCRIPTION
Number of Pages 153 ; .
942 ## - ADDED ENTRY ELEMENTS (KOHA)
Koha item type Books
Holdings
Withdrawn status Lost status Damaged status Home library Current library Date acquired Full call number Accession Number Koha item type
Withdrawn     KAUAET KAUAET 07/04/2012 820 11890 Books
free website counter